000 00445nam a2200205Ia 4500
001 12737
003 GE_BSU
008 181216s||||||||xx |||||||||||||| ||und||
020 _a9780340728987
040 _cGE_BSU
080 _a821.111-312.4
100 _aConnolly, John
245 _aEvery Dead Thing
260 _aLondon
260 _bCoronet Books
260 _c1999
300 _a516p.18cm.
653 _aEvery Dead Thing
942 _cBK
999 _c45908
_d45908